| 000 | 01036nam a22003257a 4500 | ||
|---|---|---|---|
| 003 | CHAP | ||
| 005 | 20220329134631.0 | ||
| 008 | 971013s1941 r 00010 d | ||
| 010 | _a23351 | ||
| 011 | _a24323 | ||
| 035 | _a28422 | ||
| 040 | _cCHAP | ||
| 082 |
_a620.3 _bC43 |
||
| 100 | 0 | 0 |
_aChávez de Vilchis, Salvadora. _922690 |
| 245 | _aDiccionario tecnológico, inglés-español | ||
| 260 |
_aMéxico, D.F. : _b(s.e.), _c1941 |
||
| 300 | _a318 p | ||
| 590 |
_aBATCH-UPD _b10 _c20130110 _lUCH01 _h0147 |
||
| 590 |
_aBATCH-UPD _b10 _c20130110 _lUCH01 _h0938 |
||
| 590 |
_aBATCH-UPD _b10 _c20130409 _lUCH01 _h2147 |
||
| 590 |
_aBATCH-UPD _b10 _c20130410 _lUCH01 _h0556 |
||
| 590 |
_aBATCH-UPD _b10 _c20130914 _lUCH01 _h0927 |
||
| 590 |
_aCONVERSION _b10 _c20130109 _lUCH01 _h1314 |
||
| 650 | 1 | 4 |
_aIngeniería _xDiccionarios. _958179 |
| 650 | 1 | 4 |
_aInglés _xDiccionarios _xEspañol. _958336 |
| 650 | 1 | 4 |
_aTecnología _xDiccionarios. _9111942 |
| 901 | _aBK | ||
| 942 | _cLIBRO | ||
| 949 |
_a620.3 C43 _bBC _cC _d33724000498143 _eC _h18712 _i28422 _si |
||
| 999 |
_c23351 _d23351 |
||